000 01705cam a22004215i 4500
001 22519095
003 BDDh-ASL
005 20231015031339.0
008 220422s2020 pk b 000 0deng
010 _a 2022313267
020 _a9789697576883
037 _bLibrary of Congress -- Islamabad Overseas Office
040 _aDLC
_beng
_erda
_cBDDh-ASL
041 _aeng
042 _alcode
043 _aa------
050 0 0 _aBP63.A1
_bN3536 2020+
082 _a297.8094
_bNAA
100 1 _aMahmood, Khalid,
_eauthor.
245 1 0 _aTravelling Islamophobia :
_bthe politics of faith, landscape and persona in among the believers /
_cDr. Khalid Mahmood.
264 1 _aIslamabad :
_bIqbal International Institute for Research and Dialogue, International Islamic University,
_c2020.
300 _axvi, 178 pages ;
_c22 cm
336 _atext
_btxt
_2rdacontent
337 _aunmediated
_bn
_2rdamedia
338 _avolume
_bnc
_2rdacarrier
504 _aIncludes bibliographical references (pages167-178).
600 1 0 _aNaipaul, V. S.
_q(Vidiadhar Surajprasad),
_d1932-2018.
_tAmong the believers.
600 1 0 _aNaipaul, V. S.
_q(Vidiadhar Surajprasad),
_d1932-2018
_xTravel
_zIslamic countries.
650 0 _aIslam
_zAsia.
650 0 _aIslam
_vControversial literature.
650 0 _aIslamophobia.
651 0 _aIslamic countries
_xDescription and travel.
700 1 2 _aNaipaul, V. S.
_q(Vidiadhar Surajprasad),
_d1932-2018.
_tAmong the believers.
710 2 _aInternational Islamic University (Islāmābād, Pakistan).
_bIqbal International Institute for Research & Dialogue,
_epublisher.
906 _a7
_bibc
_corigode
_d3
_encip
_f20
_gy-gencatlg
942 _2ddc
_cBK
999 _c32061
_d32061